000 00242nam a2200109Ia 4500
008 240625s9999 xx 000 0 und d
041 _aeng
082 _a808.20 TOI
100 _aTHE INK CONFERENCE
245 _aUNTOLD STORIES
260 _c2011
999 _c34820
_d34820